TOP 50 NAJLEPSZYCH KLUBÓW W TABELI WSZECHCZASÓW EKSTRAKLASY - Statystyki

Ogólne statystyki
  • Ten quiz został rozwiązany 832 razy
  • Średni wynik to 28 z 50
Statystyki odpowiedzi
Punkty poz. Zespoły % Poprawnych
3278 1 Legia Warszawa
99%
2159 5 Lech Poznań
97%
2835 2 Wisła Kraków
93%
857 16 Lechia Gdańsk
88%
2291 4 Górnik Zabrze
87%
1481 7 Pogoń Szczecin
87%
2428 3 Ruch Chorzów
85%
681 18 Jagiellonia Białystok
84%
491 25 Arka Gdynia
83%
1190 11 Cracovia
83%
1455 8 Śląsk Wrocław
83%
1362 9 Widzew Łódź
83%
1775 6 ŁKS Łódź
81%
966 13 Polonia Warszawa
79%
164 45 Raków Częstochowa
78%
1253 10 Zagłębie Lubin
77%
1030 12 GKS Katowice
74%
603 20 Korona Kielce
74%
453 28 Piast Gliwice
73%
423 30 Warta Poznań
72%
481 27 Wisła Płock
72%
726 17 Stal Mielec
70%
220 40 Motor Lublin
63%
881 15 Polonia Bytom
63%
918 14 Zagłębie Sosnowiec
63%
376 31 Zawisza Bydgoszcz
61%
248 37 Górnik Łęczna
56%
523 23 Odra Opole
54%
486 26 GKS Bełchatów
52%
255 35 Stal Rzeszów
52%
294 34 Stomil Olsztyn
51%
197 41 Podbeskidzie Bielsko-Biała
50%
498 24 Amica Wronki
49%
304 33 Pogoń Lwów
40%
254 36 Hutnik Kraków
38%
306 32 Garbarnia Kraków
37%
645 19 Szombierki Bytom
34%
529 22 Odra Wodzisław Śląski
29%
441 29 Dyskobolia Grodzisk Wielkopolski
26%
157 46 Górnik Wałbrzych
21%
539 21 Gwardia Warszawa
20%
165 44 ROW Rybnik
20%
186 43 Bałtyk Gdynia
16%
225 39 Olimpia Poznań
14%
141 48 Czarni Lwów
12%
129 50 Polonia Bydgoszcz
11%
227 38 Warszawianka
11%
142 47 Zagłębie Wałbrzych
11%
196 42 AKS Chorzów
7%
136 49 Górnik Radlin
7%
Nie znaleziono quizów pasujących do podanych kryteriów
Rozkład punktacji
Procent ludzi z każdym wynikiem
Percentyl według liczby udzielonych odpowiedzi
Twoja historia wyników
Nie rozwiązałeś tego quizu